Pakistan; (Record no. 594602)

000 -LEADER
fixed length control field 00355nam a22001337a 4500
020 ## - INTERNATIONAL STANDARD BOOK NUMBER
International Standard Book Number 9780199064380
040 ## - CATALOGING SOURCE
Transcribing agency NUST
082 ## - DEWEY DECIMAL CLASSIFICATION NUMBER
Classification number 954.91053 PAK
100 ## - MAIN ENTRY--PERSONAL NAME
Personal name Lodhi, Maleeha
9 (RLIN) 17358
245 ## - TITLE STATEMENT
Title Pakistan;
Remainder of title Beyond the 'Crisis State'
260 ## - PUBLICATION, DISTRIBUTION, ETC.
Place of publication, distribution, etc. Karachi;
Name of publisher, distributor, etc. Oxford University Press,
Date of publication, distribution, etc. 2011.
650 ## - SUBJECT ADDED ENTRY--TOPICAL TERM
Topical term or geographic name entry element History of Pakistan
9 (RLIN) 5264
942 ## - ADDED ENTRY ELEMENTS (KOHA)
Source of classification or shelving scheme
Koha item type Book
Holdings
Withdrawn status Lost status Source of classification or shelving scheme Damaged status Not for loan Permanent Location Current Location Shelving location Date acquired Total Checkouts Full call number Barcode Date last seen Price effective from Koha item type
          College of Electrical & Mechanical Engineering (CEME) College of Electrical & Mechanical Engineering (CEME) General Stacks 05/02/2023   954.91053 PAK CEME-47036 05/02/2023 05/02/2023 Book
© 2023 Central Library, National University of Sciences and Technology. All Rights Reserved.